Chapter 3 Monitoring and Evaluation / (Record no. 2122)

000 -LEADER
fixed length control field 00286 a2200085 4500
082 ## - DEWEY DECIMAL CLASSIFICATION NUMBER
Classification number 338.960048 PRE
100 ## - MAIN ENTRY--PERSONAL NAME
Personal name Prennushi, Giovanna
245 ## - TITLE STATEMENT
Title Chapter 3 Monitoring and Evaluation /
Statement of responsibility, etc. Giovanna Prennushi, Gloria Rubio, Kalanidhi Subbarao
300 ## - PHYSICAL DESCRIPTION
Extent 105-462p. :
Other physical details ill. ;
Dimensions 30 cm
650 ## - SUBJECT ADDED ENTRY--TOPICAL TERM
Topical term or geographic name entry element Monitoring and Evaluation
Holdings
Withdrawn status Lost status Damaged status Not for loan Permanent Location Current Location Shelving location Date acquired Total Checkouts Full call number Barcode Date last seen Price effective from Koha item type
        School of Civil and Environmental Engineering (SCEE) School of Civil and Environmental Engineering (SCEE)       338.960048 PRE NIT-1295 01/05/2017 01/05/2017 Book
© 2023 Central Library, National University of Sciences and Technology. All Rights Reserved.